000 00326nam a2200145Ia 4500
999 _c14212
_d14212
003 OSt
005 20260326134929.0
008 260210s9999 xx 000 0 und d
020 _a9791189659233
082 _a725.8
100 _aArchilab
245 0 _aNeighborhood Facility Vol 2
260 _bArchilab
942 _cBPLAN
_2ddc